Harmonizačný proces účtovníctva v podmienkach Európskej únie (medzinárodné účtovné štandardy) diplomová práca

Uložené v:
Podrobná bibliografia
Hlavný autor: Drábiková, Marcela
Korporativný autor: Národohospodárska fakulta EU. Katedra financií
Ďalší autori: Staríčková, Zuzana
Médium: Kniha
Jazyk:Slovak
Vydavateľské údaje: Bratislava 2010
Tagy: Pridať tag
Žiadne tagy, Buďte prvý, kto otaguje tento záznam!

MARC

LEADER 00000nam$a2200000$$$4500
001 0118882
005 20240318122211.0
041 0 |a slo 
044 |a SK 
245 1 0 |a Harmonizačný proces účtovníctva v podmienkach Európskej únie (medzinárodné účtovné štandardy)  |b diplomová práca  |c Marcela Drábiková ; škol. Zuzana Staríčková 
264 1 |a Bratislava  |c 2010 
300 |a 75 s. 
100 1 |a Drábiková, Marcela 
700 1 |a Staríčková, Zuzana 
710 2 |a Národohospodárska fakulta EU. Katedra financií